National security : (Record no. 185825)

000 -LEADER
fixed length control field 00764 a2200229 4500
003 - CONTROL NUMBER IDENTIFIER
control field Nust
005 - DATE AND TIME OF LATEST TRANSACTION
control field 20170207153424.0
010 ## - LIBRARY OF CONGRESS CONTROL NUMBER
LC control number 97065172
020 ## - INTERNATIONAL STANDARD BOOK NUMBER
International Standard Book Number 0312148283
040 ## - CATALOGING SOURCE
Transcribing agency Nust
082 00 - DEWEY DECIMAL CLASSIFICATION NUMBER
Classification number 355.03
100 1# - MAIN ENTRY--PERSONAL NAME
Personal name Snow, Donald M.,
245 10 - TITLE STATEMENT
Title National security :
Remainder of title defense policy in a changed international order /
Statement of responsibility, etc. Donald M. Snow.
250 ## - EDITION STATEMENT
Edition statement 4th ed.
260 ## - PUBLICATION, DISTRIBUTION, ETC.
Place of publication, distribution, etc. New York :
Name of publisher, distributor, etc. St. Martin's Press,
Date of publication, distribution, etc. c1998.
300 ## - PHYSICAL DESCRIPTION
Extent viii, 344 p. :
Other physical details ill., maps ;
Dimensions 24 cm.
505 ## - FORMATTED CONTENTS NOTE
Formatted contents note The Context (Page-21), The Changing World (Page-126), Responding to a New World (Page-259),
538 ## - SYSTEM DETAILS NOTE
System details note Almirah No.53 Shelf No.5
650 #0 - SUBJECT ADDED ENTRY--TOPICAL TERM
Topical term or geographic name entry element National security
Geographic subdivision United States.
651 #0 - SUBJECT ADDED ENTRY--GEOGRAPHIC NAME
Geographic name Europe
General subdivision Politics and government
Chronological subdivision 1989-
651 #0 - SUBJECT ADDED ENTRY--GEOGRAPHIC NAME
Geographic name United States
General subdivision Defenses.
942 ## - ADDED ENTRY ELEMENTS (KOHA)
Source of classification or shelving scheme
Koha item type Book
Holdings
Withdrawn status Lost status Source of classification or shelving scheme Damaged status Not for loan Collection code Permanent Location Current Location Date acquired Total Checkouts Full call number Barcode Date last seen Price effective from Koha item type
            Military College of Signals (MCS) Military College of Signals (MCS) 12/12/2016   355.03 SNO MCS26736 12/08/2016 12/12/2016 Book
© 2023 Central Library, National University of Sciences and Technology. All Rights Reserved.